000 00264 a2200097 4500
001 31184
100 _aThe Math works Inc
245 _aMATLAB; note book and users guide (519.402855369MAT)
260 _aNatick MA
_bThe Math works Inc
_c1996
090 _c21192
_d21192
942 _aNUST-CAE
_cM
_c12439
999 _c266257
_d266257